Estatísticas para 15 cidades mais populosas do Amapá

Clique aqui para jogar o quiz

Estatísticas Gerais

  • Esse quiz foi jogado 67 vezes
  • A pontuação média é 9 de 15

Estatísticas das Respostas

Nº de HabitantesLetra InicialCidade% Correto
456 171MMacapá
100%
112 218SSantana
94%
25 263OOiapoque
91%
45 712LLaranjal do Jari
83%
8 622AAmapá
74%
4 938SSerra do Navio
57%
14 212TTartarugalzinho
54%
14 364VVitória do Jari
54%
19 571MMazagão
51%
10 163CCalçoene
49%
19 669PPorto Grande
49%
13 988PPedra Branca do Amapari
46%
6 901FFerreira Gomes
40%
5 407CCutias
34%
4 949IItaubal
31%

Distribuição das Pontuações

Percentil de Números Respondidos

Porcentagem de Pessoas com Cada Pontuação

Sua Pontuação Histórica

Você não jogou esse quiz